| 000 | 01078nam a2200229Ia 4500 | ||
|---|---|---|---|
| 001 | 7334 | ||
| 003 | GE_BSU | ||
| 008 | 181216s||||||||xx |||||||||||||| ||und|| | ||
| 020 | _aISSN 1512-0694 | ||
| 040 | _cGE_BSU | ||
| 080 | _a008(09) | ||
| 245 | _aკულტურის ისტორიისა და თეორიის საკითხები XXVIII | ||
| 245 | _bISSUES OF HISTORY AND THEORY OF CULTURE XXVIII; აღმოსავლური კრებული. | ||
| 245 | _cმთ. რედ.: გურამ ლორთქიფანიძე; ტომის რედ.: მარიკა მშვილდაძე. | ||
| 250 | _aივ. ჯავახიშვილის სახ. თბილისის სახ. უნ–ტი. | ||
| 260 | _aთბილისი. | ||
| 260 | _bშპს მწიგნობარი. | ||
| 260 | _c2013. | ||
| 300 | _a142 გვ.; 20 სმ. | ||
| 653 | _aკულტურის ისტორიისა და თეორიის საკითხები XXVIII | ||
| 942 | _cBK | ||
| 999 |
_c40699 _d40699 |
||